000 00464nam a2200193Ia 4500
008 161112s9999 xx 000 0 und d
020 _a978-0-7537-1532-1
050 _aCUL TX 951
050 _b.F58 2007
245 0 _a501 must-drink cocktails /
260 _aLondon :
260 _bBounty Books,
260 _c2007
300 _a543 pages :
300 _bcolor illustrations ;
300 _c23 cm.
500 _aIncludes index.
650 _aCocktails.
999 _c305232
_d305232